頭文字に方角を含む市町村(1995年) - Statistics

General Stats
  • This quiz has been taken 33 times
    29 since last reset
  • The average score is 83 of 184
Answer Stats
都道府県 市町村 % Correct
群馬県 東村(勢多郡)
95%
群馬県 東村(吾妻郡)
95%
群馬県 東村(佐波郡)
95%
沖縄県 | 福島県 | 茨城県 東村
86%
東京都 東久留米市
86%
北海道 東川町
71%
埼玉県 東松山市
71%
東京都 東村山市
71%
静岡県 東伊豆町
71%
山形県 | 新潟県 西川町
71%
静岡県 南伊豆町
71%
北海道 東神楽町
67%
東京都 東大和市
67%
大阪府 東大阪市
67%
静岡県 西伊豆町
67%
北海道 北村
67%
青森県 東通村
62%
広島県 東広島市
62%
青森県 西目屋村
62%
山形県 南陽市
62%
北海道 北見市
62%
山形県 東根市
57%
愛知県 東海市
57%
宮崎県 | 愛知県 | 鳥取県 | 鹿児島県 東郷町
57%
奈良県 東吉野村
57%
鹿児島県 東町
57%
北海道 西興部村
57%
愛媛県 西条市
57%
熊本県 西原村
57%
沖縄県 西原町
57%
和歌山県 | 山梨県 | 青森県 南部町
57%
宮城県 | 宮崎県 南郷町
57%
長野県 南相木村
57%
京都府 南山城村
57%
高知県 南国市
57%
沖縄県 南大東村
57%
長野県 北相木村
57%
沖縄県 北大東村
57%
広島県 東城町
52%
高知県 東洋町
52%
宮崎県 | 福島県 西郷村
52%
栃木県 西那須野町
52%
兵庫県 西宮市
52%
島根県 西郷町
52%
宮崎県 西都市
52%
宮崎県 西米良村
52%
北海道 南富良野町
52%
宮崎県 | 福島県 | 青森県 南郷村
52%
神奈川県 南足柄市
52%
沖縄県 南風原町
52%
岩手県 北上市
52%
茨城県 北茨城市
52%
和歌山県 北山村
52%
愛媛県 北条市
52%
宮崎県 北郷町
52%
宮城県 | 山口県 | 岩手県 | 福島県 東和町
48%
茨城県 東海村
48%
埼玉県 東秩父村
48%
千葉県 東金市
48%
千葉県 東庄町
48%
岐阜県 東白川村
48%
愛媛県 東予市
48%
福島県 西会津町
48%
愛知県 西尾市
48%
岡山県 西粟倉村
48%
広島県 西城町
48%
福井県 南条町
48%
愛知県 南知多町
48%
兵庫県 南淡町
48%
埼玉県 北本市
48%
徳島県 北島町
48%
高知県 北川村
48%
宮崎県 北郷村
48%
宮崎県 北川町
48%
沖縄県 北谷町
48%
秋田県 東成瀬村
43%
愛知県 東栄町
43%
長崎県 東彼杵町
43%
新潟県 西山町
43%
滋賀県 西浅井町
43%
北海道 南幌町
43%
長野県 南箕輪村
43%
三重県 南勢町
43%
熊本県 南小国町
43%
福島県 北会津村
43%
福島県 北塩原村
43%
佐賀県 | 宮崎県 | 岐阜県 北方町
43%
兵庫県 北淡町
43%
福岡県 北九州市
43%
沖縄県 北中城村
43%
北海道 東藻琴村
38%
岩手県 東山町
38%
秋田県 東由利町
38%
長野県 東部町
38%
三重県 東員町
38%
鹿児島県 東串良町
38%
秋田県 西仙北町
38%
秋田県 西木村
38%
山梨県 西桂町
38%
愛知県 西枇杷島町
38%
愛知県 西春町
38%
兵庫県 西淡町
38%
奈良県 西吉野村
38%
鳥取県 西伯町
38%
島根県 西ノ島町
38%
愛媛県 | 長崎県 西海町
38%
鹿児島県 西之表市
38%
栃木県 南那須町
38%
群馬県 | 長野県 南牧村
38%
岐阜県 南濃町
38%
熊本県 南関町
38%
鹿児島県 南種子町
38%
三重県 北勢町
38%
鳥取県 北条町
38%
福岡県 北野町
38%
青森県 東北町
33%
兵庫県 東条町
33%
島根県 東出雲町
33%
岡山県 東粟倉村
33%
広島県 東野町
33%
鹿児島県 東市来町
33%
沖縄県 東風平町
33%
岩手県 西根町
33%
栃木県 西方町
33%
兵庫県 西脇市
33%
高知県 西土佐村
33%
佐賀県 西有田町
33%
長野県 南木曽町
33%
三重県 南島町
33%
埼玉県 北川辺町
33%
兵庫県 | 愛知県 東浦町
29%
鳥取県 東伯町
29%
徳島県 東祖谷山村
29%
高知県 東津野村
29%
佐賀県 東脊振村
29%
徳島県 西祖谷山村
29%
長崎県 西有家町
29%
栃木県 南河内町
29%
長野県 南信濃村
29%
長崎県 南有馬町
29%
北海道 北竜町
29%
長崎県 北有馬町
29%
宮崎県 北浦町
29%
秋田県 西目町
24%
兵庫県 西紀町
24%
長崎県 西彼町
24%
熊本県 西合志町
24%
宮城県 南方町
24%
北海道 北檜山町
24%
宮城県 北上町
24%
長野県 北御牧村
24%
岡山県 北房町
24%
佐賀県 東与賀町
19%
埼玉県 南河原村
19%
和歌山県 南部川村
19%
長崎県 南串山町
19%
茨城県 北浦村
19%
佐賀県 北茂安町
19%
佐賀県 北波多村
19%
北海道 南茅部町
14%
秋田県 南外村
14%
兵庫県 南光町
14%
群馬県 北橘村
14%
熊本県 東陽村
10%
No matching quizzes found
Score Distribution
Percent of People with Each Score
Percentile by Number Answered
Your Score History
You have not taken this quiz since the last reset